[Event "Figueres Nadal op 7th"]
[Site "Figueres"]
[Date "2017.12.29"]
[Round "5"]
[White "Blanco Esquena, Ramon"]
[Black "Rodriguez Carreras, David"]
[Result "1-0"]
[WhiteElo "1708"]
[BlackElo "1387"]
[PlyCount "53"]
[EventDate "2017.12.27"]
[EventType "swiss"]
[EventRounds "8"]
[EventCountry "ESP"]
[SourceTitle "CBM 182 Extra"]
[Source "ChessBase"]
[SourceDate "2018.02.23"]
[SourceVersion "1"]
[SourceVersionDate "2018.02.23"]
[SourceQuality "1"]

1. e4 g6 2. d4 Bg7 3. Nf3 b6 4. Bc4 Bb7 5. Nc3 e6 6. 0-0 Ne7 7. Qe2 c5 8. d5 0-0 9. Bg5 f6 10. Bh4 d6 11. dxe6 d5 12. exd5 Nxd5 13. e7 Qd7 14. exf8Q+ Bxf8 15. Rad1 Qg7 16. Bxd5+ Bxd5 17. Nxd5 Nc6 18. Qe6+ Kh8 19. Bxf6 Qxf6 20. Qxf6+ Bg7 21. Qxc6 Rf8 22. Rfe1 Kg8 23. Re8 h6 24. Qxg6 Rxe8 25. Nf6+ Kh8 26. Nxe8 Bf8 27. Qf7 1-0

[Event "Figueres Nadal op 7th"]
[Site "Figueres"]
[Date "2017.12.29"]
[Round "6"]
[White "Roura Cortada, Pep"]
[Black "Rodriguez Carreras, David"]
[Result "1-0"]
[WhiteElo "1552"]
[BlackElo "1387"]
[PlyCount "127"]
[EventDate "2017.12.27"]
[EventType "swiss"]
[EventRounds "8"]
[EventCountry "ESP"]
[SourceTitle "CBM 182 Extra"]
[Source "ChessBase"]
[SourceDate "2018.02.23"]
[SourceVersion "1"]
[SourceVersionDate "2018.02.23"]
[SourceQuality "1"]

1. e4 g6 2. d4 Bg7 3. Nf3 b6 4. Nc3 Bb7 5. Be3 e6 6. Qd2 Ne7 7. Bd3 d6 8. Bh6 Bxh6 9. Qxh6 Qd7 10. Qg7 Rf8 11. 0-0 Nbc6 12. Rad1 0-0-0 13. Ng5 Rg8 14. Qxh7 Rh8 15. Qxf7 Rhg8 16. Qxe6 Nxd4 17. Qxd7+ Rxd7 18. Bb5 Nxb5 19. Nxb5 Ba6 20. a4 Kb8 21. Rfe1 Bb7 22. Ne6 c6 23. Nxd6 Ba6 24. b4 b5 25. Nc5 Rgd8 26. Nxd7+ Rxd7 27. axb5 cxb5 28. Nf7 Rc7 29. Rd8+ Nc8 30. Ne5 g5 31. Nd7+ Ka8 32. f3 Rxc2 33. e5 Kb7 34. e6 Kc7 35. Rg8 Rc6 36. e7 Nxe7 37. Rxe7 Kd6 38. Nb8 Rc1+ 39. Kf2 Kxe7 40. Nxa6 Ra1 41. Rg7+ Ke6 42. Rxa7 Ke5 43. Ra8 Kf4 44. Rf8+ Ke5 45. Nc7 Ra7 46. Nxb5 Rb7 47. Re8+ Kf6 48. Nc3 Rxb4 49. Nd5+ Kf7 50. Nxb4 Kxe8 51. Kg3 Kf7 52. Kg4 Kf6 53. h4 gxh4 54. Kxh4 Kg6 55. g4 Kh6 56. f4 Kg6 57. Nd5 Kh6 58. f5 Kg7 59. Kg5 Kf7 60. Kh6 Kf8 61. Kh7 Kf7 62. g5 Kf8 63. g6 Ke8 64. g7 1-0

[Event "Figueres Nadal op 7th"]
[Site "Figueres"]
[Date "2017.12.28"]
[Round "3"]
[White "Rodriguez Carreras, David"]
[Black "Gili Munoz, Daniel"]
[Result "0-1"]
[WhiteElo "1387"]
[BlackElo "1669"]
[PlyCount "111"]
[EventDate "2017.12.27"]
[EventType "swiss"]
[EventRounds "8"]
[EventCountry "ESP"]
[SourceTitle "CBM 182 Extra"]
[Source "ChessBase"]
[SourceDate "2018.02.23"]
[SourceVersion "1"]
[SourceVersionDate "2018.02.23"]
[SourceQuality "1"]

1. g3 g6 2. Bg2 Bg7 3. Nf3 Nf6 4. b3 0-0 5. Bb2 d6 6. d3 Nbd7 7. Nbd2 e5 8. 0-0 Rb8 9. e3 Re8 10. Re1 c6 11. Nc4 Qc7 12. d4 e4 13. Ng5 d5 14. Nd2 h6 15. Nh3 Nf8 16. f3 exf3 17. Nxf3 Bg4 18. Qd3 Bf5 19. Qd1 Ne4 20. Nh4 Bd7 21. Qe2 g5 22. Nf3 g4 23. Nf4 gxf3 24. Bxf3 Ng6 25. Nd3 Ng5 26. Bg2 b6 27. c4 dxc4 28. bxc4 Ne4 29. Nb4 a5 30. Na6 Qb7 31. Nxb8 Qxb8 32. Rab1 Nf6 33. e4 Bg4 34. Bf3 Rxe4 35. Qf2 Bxf3 36. Qxf3 Qe8 37. Qf2 Ng4 38. Qd2 Rxe1+ 39. Rxe1 Qd7 40. h3 Nf6 41. Qg2 Nh5 42. Rd1 Qe6 43. c5 bxc5 44. dxc5 Qe3+ 45. Qf2 Qxf2+ 46. Kxf2 Bxb2 47. Rd6 Be5 48. Rxc6 Nxg3 49. Rc8+ Kg7 50. c6 Ne7 51. Rd8 Nxc6 52. Rc8 Nd4 53. Rc5 Ne4+ 54. Kg2 Nxc5 55. Kh1 Nc2 56. Kg2 0-1

[Event "Figueres Nadal op 7th"]
[Site "Figueres"]
[Date "2017.12.27"]
[Round "1"]
[White "Aymat Satue, Joan"]
[Black "Rodriguez Carreras, David"]
[Result "1-0"]
[WhiteElo "1684"]
[BlackElo "1387"]
[PlyCount "91"]
[EventDate "2017.12.27"]
[EventType "swiss"]
[EventRounds "8"]
[EventCountry "ESP"]
[SourceTitle "CBM 182 Extra"]
[Source "ChessBase"]
[SourceDate "2018.02.23"]
[SourceVersion "1"]
[SourceVersionDate "2018.02.23"]
[SourceQuality "1"]

1. c4 g6 2. Nc3 Bg7 3. g3 Nf6 4. Bg2 0-0 5. d3 Nc6 6. e4 d6 7. Nge2 b6 8. 0-0 Bb7 9. h3 Qd7 10. Be3 h6 11. Qd2 Kh7 12. f4 e6 13. g4 e5 14. g5 Nh5 15. f5 Nf4 16. Nxf4 gxf5 17. Nh5 f4 18. Nxf4 exf4 19. Bxf4 Qe6 20. Nd5 Qg6 21. Nxc7 Rac8 22. gxh6 Bxh6 23. Bxh6 Qxh6 24. Qxh6+ Kxh6 25. Nd5 Rg8 26. Rxf7 Rg7 27. Raf1 Ne5 28. Rxg7 Kxg7 29. Nf4 a6 30. Bf3 b5 31. b3 Rf8 32. Ne6+ Kf7 33. Nxf8 Kxf8 34. Be2+ Ke8 35. d4 Nc6 36. e5 Nxd4 37. Bh5+ Ke7 38. Rf7+ Kd8 39. Rxb7 Nc2 40. cxb5 axb5 41. Rxb5 Nd4 42. Rb7 Kc8 43. Rf7 Nb5 44. Bg4+ Kd8 45. h4 Nc3 46. h5 1-0